01351nam a2200337Ia 4500001001200000003000800012006001900020007001500039008004100054010001700095020001800112020002800130040002100158035002100179050002200200100003800222245012100260260005400381300001600435504006400451533015200515651002100667651002600688651003200714651003600746651004200782655002900824710001700853856012600870999001700996ebr10318457CaPaEBRm u cr cn|||||||||980805s1999 mau sb 001 0 eng d z 98039769  z9780674781207 z0674781201 (alk. paper) aCaPaEBRcCaPaEBR a(OCoLC)44132528814aDK32b.M18 1999eb1 aMalia, Martin E.q(Martin Edward)10aRussia under western eyesh[electronic resource] :bfrom the Bronze Horseman to the Lenin Mausoleum /cMartin MAlia. aCambridge, MA :bHarvard University Press,c1999. axii, 514 p. aIncludes bibliographical references (p. 437-482) and index. aElectronic reproduction.bPalo Alto, Calif. :cebrary,d2009.nAvailable via World Wide Web.nAccess may be limited to ebrary affiliated libraries. 0aRussiaxHistory. 0aRussiaxCivilization. 0aSoviet UnionxCivilization. 0aRussiaxForeign public opinion. 0aSoviet UnionxForeign public opinion. 7aElectronic books.2local2 aebrary, Inc.40uhttp://site.ebrary.com/lib/rucke/Doc?id=10318457zAn electronic book accessible through the World Wide Web; click to view c59782d59782